Name Reactions and Rearragements in Organic Chemistry (Record no. 198818)

MARC details
000 -LEADER
fixed length control field 00557nam a22001817a 4500
005 - DATE AND TIME OF LATEST TRANSACTION
control field 20231108122341.0
010 ## - LCCN (DPL NO)
LC control number ENG -138283
020 ## - INTERNATIONAL STANDARD BOOK NUMBER
International Standard Book Number 9789384294700
Terms of availability 975.00
035 ## - SYSTEM CONTROL NUMBER
System control number EN-121815
037 ## - SOURCE OF ACQUISITION
Source of stock number/acquisition DBAD/PUB
082 ## - DEWEY DECIMAL CLASSIFICATION NUMBER
Classification number 547
Edition number 1
100 ## - MAIN ENTRY--PERSONAL NAME
Personal name Kar Ratan Kumar
245 ## - TITLE STATEMENT
Title Name Reactions and Rearragements in Organic Chemistry
Statement of responsibility, etc Ratan Kumar Kar
Medium English
260 ## - PUBLICATION, DISTRIBUTION, ETC. (IMPRINT)
Place of publication, distribution, etc Kolkata
Name of publisher, distributor, etc Arunabha Sen
Date of publication, distribution, etc 2016
270 ## - ADDRESS
Address 8/1Chintamoni Dash Lane,
City Kolkata
Postal code 700009
300 ## - PHYSICAL DESCRIPTION
Extent 1209p.
Dimensions 26cm pbk
942 ## - ADDED ENTRY ELEMENTS (KOHA)
Item type English Books
Source of classification or shelving scheme Dewey Decimal Classification
Classification part 547
Call number suffix KAR
Holdings
Withdrawn status Lost status Not for loan Collection code Home library Current library Date acquired Source of acquisition Cost, normal purchase price Full call number Barcode Cost, replacement price Koha item type
      Non-fiction Bawana Bawana 18/10/2023 DBAD/PUB 975.00 547 kAR EN-121815 975.00 English Books

© Delhi Public Library
Hit Counter
free hit counter